[Event "DVM U12 2015"]
[Site "Magdeburg GER"]
[Date "2015.12.29"]
[Round "6"]
[White "Schubert, Christoph"]
[Black "Burghoff, Elias"]
[Result "0-1"]
[Termination "normal"]
[Board "9.1"]
[WhiteElo "1447"]
[BlackElo "1323"]
[WhiteTeam "USV TU Dresden"]
[BlackTeam "TSG Apolda"]
[PlyCount "170"]
[EventCountry "GER"]
[EventRounds "7"]
[EventType "team-swiss"]
[EventDate "2015.12.26"]

1. e4 e6 2. d4 d5 3. e5 c5 4. c3 Nc6 5. Nf3 b6 6. Be3 c4 7. Be2 Nge7 8. O-O Nf5
9. Bd2 Be7 10. b3 b5 11. a4 Na5 12. b4 Nb3 13. Ra2 Nxd2 14. Nbxd2 Bd7 15. axb5
Bxb5 16. Ra5 Qd7 17. Qa1 O-O 18. Qa2 a6 19. Ne1 Rfc8 20. Nc2 h6 21. Ne3 Nxe3
22. fxe3 f5 23. exf6 Bxf6 24. Qb1 Bg5 25. Rf3 Rf8 26. Rg3 Qf7 27. Qf1 Qxf1+ 28.
Nxf1 Rf6 29. Rf3 Raf8 30. Rxf6 Rxf6 31. Bd1 Rf8 32. Ba4 Bd8 33. Rxb5 axb5 34.
Bxb5 Bg5 35. Bd7 Kf7 36. b5 Ke7 37. Bc6 Kd6 38. g3 h5 39. Kg2 Bh6 40. e4 Bc1
41. exd5 exd5 42. h3 g5 43. Nh2 Bd2 44. Nf3 g4 45. hxg4 hxg4 46. Nxd2 Rf5 47.
Bb7 Rf7 48. Ba8 Ra7 49. Nxc4+ dxc4 50. Bc6 Ra3 51. Kf2 Rxc3 52. Be4 Rb3 53. b6
Rxb6 54. Ke3 Rb3+ 55. Kf4 c3 56. Kxg4 Rb2 57. Kf5 c2 58. Bxc2 Rxc2 59. g4 Rf2+
60. Kg6 Kd5 61. Kh6 Rh2+ 62. Kg6 Kxd4 63. g5 Ke5 64. Kf7 Rf2+ 65. Kg6 Ke6 66.
Kh7 Rf7+ 67. Kg6 Rd7 68. Kh6 Kf5 69. g6 Kf6 70. Kh5 Rg7 71. Kg4 Rxg6+ 72. Kf4
Rg7 73. Ke4 Rg4+ 74. Kd5 Kf5 75. Kd6 Re4 76. Kd5 Re5+ 77. Kd4 Kf4 78. Kc4 Ke3
79. Kc3 Rd5 80. Kc4 Ke4 81. Kc3 Rd4 82. Kb3 Kd3 83. Kb2 Rb4+ 84. Kc1 Rb3 85.
Kd1 Rb1# 0-1

[Event "DVM U12 2015"]
[Site "Magdeburg GER"]
[Date "2015.12.29"]
[Round "6"]
[White "Henzgen, Nick"]
[Black "Wehner, Tobias"]
[Result "1-0"]
[Termination "normal"]
[Board "9.2"]
[WhiteElo "1523"]
[BlackElo "1296"]
[WhiteTeam "TSG Apolda"]
[BlackTeam "USV TU Dresden"]
[PlyCount "37"]
[WhiteFideId "16212347"]
[BlackFideId "16224000"]
[EventCountry "GER"]
[EventRounds "7"]
[EventType "team-swiss"]
[EventDate "2015.12.26"]

1. e4 e5 2. Nf3 Nc6 3. Bc4 Bc5 4. c3 Nf6 5. d4 exd4 6. cxd4 Bb4+ 7. Nc3 O-O 8.
d5 Na5 9. Qd3 Nxe4 10. O-O Nxc3 11. bxc3 Nxc4 12. Qxc4 Ba5 13. d6 c6 14. Bg5
Qb6 15. Be7 Re8 16. Ng5 Kh8 17. Nxf7+ Kg8 18. Nh6+ Kh8 19. Qg8+ 1-0

[Event "DVM U12 2015"]
[Site "Magdeburg GER"]
[Date "2015.12.29"]
[Round "6"]
[White "Thamm, Marti Jann"]
[Black "Liebeskind, Pascal"]
[Result "0-1"]
[Termination "normal"]
[Board "9.3"]
[WhiteElo "1055"]
[BlackElo "1654"]
[WhiteTeam "USV TU Dresden"]
[BlackTeam "TSG Apolda"]
[PlyCount "70"]
[BlackFideId "16212380"]
[EventCountry "GER"]
[EventRounds "7"]
[EventType "team-swiss"]
[EventDate "2015.12.26"]

1. e4 c5 2. Nf3 Nc6 3. d4 cxd4 4. Nxd4 g6 5. Nxc6 bxc6 6. Nc3 Bg7 7. Bg5 Qa5 8.
Qd2 Rb8 9. Bc4 Rxb2 10. Nd1 Qxd2+ 11. Bxd2 Rxc2 12. Rc1 Rxc1 13. Bxc1 Nf6 14.
O-O O-O 15. e5 Ng4 16. f4 d6 17. exd6 exd6 18. Ba3 Bd4+ 19. Kh1 c5 20. h3 Nf6
21. Bb2 Bxb2 22. Nxb2 d5 23. Bb5 Ne4 24. Bc6 Ng3+ 25. Kg1 Nxf1 26. Kxf1 d4 27.
Bd5 Rd8 28. Bc4 Be6 29. Ba6 Bxa2 30. Ke2 Re8+ 31. Kd3 Re3+ 32. Kd2 Rg3 33. Kd1
Bb3+ 34. Ke1 Rxg2 35. Kf1 Rxb2 0-1

[Event "DVM U12 2015"]
[Site "Magdeburg GER"]
[Date "2015.12.29"]
[Round "6"]
[White "Kroh, Christian"]
[Black "Petzold, Maik"]
[Result "1-0"]
[Termination "normal"]
[Board "9.4"]
[WhiteElo "1438"]
[BlackElo "820"]
[WhiteTeam "TSG Apolda"]
[BlackTeam "USV TU Dresden"]
[PlyCount "71"]
[WhiteFideId "12995606"]
[BlackFideId "12975087"]
[EventCountry "GER"]
[EventRounds "7"]
[EventType "team-swiss"]
[EventDate "2015.12.26"]

1. d4 d5 2. Nf3 Nf6 3. c4 c6 4. Nc3 Be6 5. cxd5 Bxd5 6. Nxd5 cxd5 7. Bg5 g6 8.
e3 Bg7 9. Bd3 O-O 10. O-O Nc6 11. Qb3 Qd7 12. Bb5 a6 13. Bxc6 bxc6 14. Rac1
Rab8 15. Qa3 Ra8 16. Qa4 Rfc8 17. Ne5 Qb7 18. Nxc6 Qxb2 19. Nxe7+ Kf8 20. Rxc8+
Rxc8 21. Nxc8 Qb8 22. Qxa6 Ng4 23. Qd6+ Qxd6 24. Nxd6 Kg8 25. a4 Bf8 26. Nb7 h6
27. h3 hxg5 28. hxg4 Kh7 29. a5 Bg7 30. a6 Bh6 31. a7 Bg7 32. a8=Q Bh8 33. g3
Bg7 34. Kg2 Bf6 35. Rh1+ Kg7 36. Qh8# 1-0

[Event "DVM U12 2015"]
[Site "Magdeburg GER"]
[Date "2015.12.29"]
[Round "6"]
[White "Brunner, Sophia"]
[Black "Eschner, Fabian"]
[Result "1-0"]
[Termination "normal"]
[Board "10.1"]
[WhiteElo "1585"]
[BlackElo "1399"]
[WhiteTeam "Hagener SV"]
[BlackTeam "Schachzwerge Magdeburg"]
[PlyCount "95"]
[WhiteFideId "12960683"]
[BlackFideId "16232860"]
[EventCountry "GER"]
[EventRounds "7"]
[EventType "team-swiss"]
[EventDate "2015.12.26"]

1. d4 d5 2. Nc3 Nf6 3. Bg5 Bf5 4. Bxf6 gxf6 5. Nf3 Nc6 6. e3 a6 7. Bd3 Bg6 8.
Bxg6 fxg6 9. Qe2 Bg7 10. O-O O-O 11. Rfe1 Qd7 12. a3 Rfe8 13. Rad1 Rad8 14. Na4
b6 15. Nc3 Qc8 16. e4 e5 17. dxe5 dxe4 18. exf6 Rxd1 19. Rxd1 exf3 20. f7+ Kxf7
21. Qxf3+ Qf5 22. Qxc6 Be5 23. Qd5+ Kf8 24. Qd2 Kg7 25. g3 Bf6 26. Qd7+ Qxd7
27. Rxd7+ Re7 28. Rxe7+ Bxe7 29. Nd5 Bd6 30. Kf1 Kf7 31. Ke2 Ke6 32. Ne3 b5 33.
Kd3 Be5 34. b3 Bd6 35. a4 h5 36. axb5 axb5 37. Ke4 c6 38. f4 Kf6 39. h3 Bc5 40.
Ng2 g5 41. fxg5+ Kxg5 42. Nh4 Bf2 43. Nf3+ Kf6 44. g4 Kg6 45. Kf4 c5 46. Ne5+
Kg7 47. gxh5 Kh6 48. Ng4+ 1-0

[Event "DVM U12 2015"]
[Site "Magdeburg GER"]
[Date "2015.12.29"]
[Round "6"]
[White "Voß, Torben"]
[Black "Scheidt, Mike Niklas"]
[Result "0-1"]
[Termination "normal"]
[Board "10.2"]
[WhiteElo "1131"]
[BlackElo "1393"]
[WhiteTeam "Schachzwerge Magdeburg"]
[BlackTeam "Hagener SV"]
[PlyCount "20"]
[BlackFideId "12965235"]
[EventCountry "GER"]
[EventRounds "7"]
[EventType "team-swiss"]
[EventDate "2015.12.26"]

1. e4 e5 2. Nf3 Nc6 3. d4 d6 4. Bc4 Bg4 5. h3 Bh5 6. Be3 Nf6 7. Bg5 Be7 8. Qd3
Bxf3 9. Qxf3 Nxd4 10. Qe3 Nxc2+ 0-1

[Event "DVM U12 2015"]
[Site "Magdeburg GER"]
[Date "2015.12.29"]
[Round "6"]
[White "Lindemann, Jarno"]
[Black "Unger, Matti"]
[Result "1-0"]
[Termination "normal"]
[Board "10.3"]
[WhiteElo "1364"]
[BlackElo "847"]
[WhiteTeam "Hagener SV"]
[BlackTeam "Schachzwerge Magdeburg"]
[PlyCount "91"]
[WhiteFideId "12977934"]
[EventCountry "GER"]
[EventRounds "7"]
[EventType "team-swiss"]
[EventDate "2015.12.26"]

1. d4 d5 2. Bf4 Bf5 3. Nc3 Nc6 4. f3 Nf6 5. g4 Bd7 6. Nb5 e5 7. dxe5 Nxe5 8.
Bxe5 Bxb5 9. Bxf6 Qxf6 10. c3 O-O-O 11. Qd4 Qxd4 12. cxd4 Be7 13. O-O-O Bg5+
14. Kb1 Be3 15. h4 Bxg1 16. Rxg1 f6 17. e3 Bxf1 18. Rgxf1 g5 19. hxg5 fxg5 20.
Rh1 h6 21. Rde1 Rdf8 22. Rh3 Kd7 23. Kc2 Kc6 24. Kd3 b5 25. Reh1 Rf6 26. Rc1+
Kb7 27. Rc5 c6 28. b4 Kb6 29. Rc2 a5 30. a3 axb4 31. axb4 Rd6 32. Rf2 Rf6 33.
f4 gxf4 34. Rxf4 Rxf4 35. exf4 Kc7 36. g5 h5 37. g6 Rg8 38. f5 Rg7 39. Rxh5 Kd7
40. Rh7 Rxh7 41. gxh7 Ke7 42. h8=Q Kf7 43. Qe5 Kf8 44. f6 Kf7 45. Qe7+ Kg8 46.
Qg7# 1-0

[Event "DVM U12 2015"]
[Site "Magdeburg GER"]
[Date "2015.12.29"]
[Round "6"]
[White "Bartels, Sebastian"]
[Black "Schmidt, Ben"]
[Result "0-1"]
[Termination "normal"]
[Board "10.4"]
[WhiteElo "788"]
[BlackElo "1182"]
[WhiteTeam "Schachzwerge Magdeburg"]
[BlackTeam "Hagener SV"]
[PlyCount "98"]
[WhiteFideId "16278542"]
[BlackFideId "16214129"]
[EventCountry "GER"]
[EventRounds "7"]
[EventType "team-swiss"]
[EventDate "2015.12.26"]

1. e4 d5 2. Nc3 d4 3. Nb5 e5 4. Nf3 Bg4 5. Bc4 a6 6. Na3 Nf6 7. d3 Nbd7 8. Bg5
h6 9. Bxf6 Qxf6 10. h3 Bh5 11. g4 Bg6 12. h4 Bd6 13. h5 Bh7 14. Rg1 Bb4+ 15. c3
dxc3 16. bxc3 Bxc3+ 17. Kf1 Bxa1 18. g5 hxg5 19. Nxg5 Bd4 20. Bxf7+ Ke7 21. Nf3
Ba7 22. Bd5 Nc5 23. d4 exd4 24. Rg5 Bxe4 25. Re5+ Kd7 26. Bxe4 Nxe4 27. Rxe4
Rae8 28. Rxd4+ Bxd4 29. Nxd4 Rxh5 30. Nf5+ Kc8 31. Qxh5 Re5 32. Qh8+ Kd7 33.
Nxg7 Rg5 34. Qh3+ Ke7 35. Nh5 Qa1+ 36. Ke2 Qxa2+ 37. Kf1 Qd2 38. f4 Qd1+ 39.
Kf2 Rxh5 40. Qe3+ Kd8 41. Qe6 Rh2+ 42. Kg3 Rd2 43. f5 Rd3+ 44. Kf4 Rxa3 45. f6
Qd6+ 46. Qxd6+ cxd6 47. Kf5 Rf3+ 48. Kg6 Ke8 49. f7+ Rxf7 0-1

[Event "DVM U12 2015"]
[Site "Magdeburg GER"]
[Date "2015.12.30"]
[Round "7"]
[White "Müller, Marvin"]
[Black "Suvorov, Alexander"]
[Result "0-1"]
[Termination "normal"]
[Board "1.1"]
[WhiteElo "1536"]
[BlackElo "1946"]
[WhiteClock "00:40:34"]
[BlackClock "00:40:09"]
[WhiteTeam "Hamburger SK von 1830"]
[BlackTeam "SG Porz"]
[PlyCount "20"]
[WhiteFideId "16214528"]
[BlackFideId "12977063"]
[EventCountry "GER"]
[EventRounds "7"]
[EventType "team-swiss"]
[EventDate "2015.12.26"]

1. e4 {[%clk 1:15:58]} c6 {[%clk 1:15:49]} 2. d4 {[%clk 1:16:18]} d5 {[%clk
1:16:15]} 3. exd5 {[%clk 1:16:37]} cxd5 {[%clk 1:16:38]} 4. c4 {[%clk 1:16:51]}
Nf6 {[%clk 1:16:25]} 5. Nc3 {[%clk 1:16:56]} Nc6 {[%clk 1:16:42]} 6. Bg5 {[%clk
1:16:28]} dxc4 {[%clk 1:16:09]} 7. Bxc4 {[%clk 1:06:02]} a6 {[%clk 1:04:40]} 8.
Nge2 {[%clk 0:50:50]} b5 {[%clk 0:59:48]} 9. Bb3 {[%clk 0:47:33]} Bb7 10. O-O
{[%clk 0:40:34]} Qd7 {[%clk 0:40:09]} 0-1

[Event "DVM U12 2015"]
[Site "Magdeburg GER"]
[Date "2015.12.30"]
[Round "7"]
[White "Suvorov, Luca"]
[Black "Goltser, Ilja"]
[Result "1-0"]
[Termination "normal"]
[Board "1.2"]
[WhiteElo "1904"]
[BlackElo "1504"]
[WhiteClock "00:28:24"]
[BlackClock "00:52:43"]
[WhiteTeam "SG Porz"]
[BlackTeam "Hamburger SK von 1830"]
[PlyCount "81"]
[WhiteFideId "12977071"]
[BlackFideId "14174782"]
[EventCountry "GER"]
[EventRounds "7"]
[EventType "team-swiss"]
[EventDate "2015.12.26"]

1. d4 c5 2. d5 d6 3. e4 e5 4. Nc3 Nf6 5. Nf3 Be7 6. Be2 O-O 7. Nd2 a6 8. a4
Nbd7 9. O-O Ne8 10. Nc4 Nb6 11. Ne3 g6 12. a5 Nd7 13. Bg4 Ng7 14. Bxd7 Bxd7 15.
Nc4 f5 16. Nb6 Rb8 17. Nxd7 Qxd7 18. f3 f4 19. Bd2 g5 20. Qe2 h5 21. Na4 Rf6
22. Nb6 Qe8 23. b4 Rh6 24. bxc5 dxc5 25. Nc4 Bf6 26. Rfb1 Qg6 27. Rb6 g4 28.
Rab1 gxf3 29. Qxf3 Qg5 30. Rxb7 Rxb7 31. Rxb7 h4 32. h3 Rg6 33. Rb6 Nh5 34.
Rxa6 Qg3 35. Qxg3 Rxg3 36. Kf2 Rg7 37. Bc3 Re7 38. d6 Re6 39. Ra8+ Kf7 40. d7
Ng3 41. Kf3 1-0

[Event "DVM U12 2015"]
[Site "Magdeburg GER"]
[Date "2015.12.30"]
[Round "7"]
[White "Weber, Kian"]
[Black "Zyla, Lennert"]
[Result "0-1"]
[Termination "normal"]
[Board "1.3"]
[WhiteElo "1343"]
[BlackElo "1840"]
[WhiteClock "00:29:17"]
[BlackClock "00:55:14"]
[WhiteTeam "Hamburger SK von 1830"]
[BlackTeam "SG Porz"]
[PlyCount "48"]
[WhiteFideId "16234928"]
[BlackFideId "12981567"]
[EventCountry "GER"]
[EventRounds "7"]
[EventType "team-swiss"]
[EventDate "2015.12.26"]

1. e4 c5 2. Nf3 e6 3. d4 cxd4 4. Nxd4 a6 5. Nc3 b5 6. Be3 Bb7 7. f3 Nf6 8. Qd2
d5 9. e5 Nfd7 10. f4 Qc7 11. Nce2 Bc5 12. g4 Nc6 13. Nxc6 Bxc6 14. Bxc5 Nxc5
15. Ng3 O-O 16. h4 f6 17. exf6 Rxf6 18. Nh5 Rf7 19. Qd4 Nd7 20. f5 exf5 21.
gxf5 Re8+ 22. Kd1 Re4 23. Qf2 Qe5 24. Rb1 Rxf5 0-1

[Event "DVM U12 2015"]
[Site "Magdeburg GER"]
[Date "2015.12.30"]
[Round "7"]
[White "Pislaru, Adrian"]
[Black "Fuhrmann, Philipp"]
[Result "1-0"]
[Termination "normal"]
[Board "1.4"]
[WhiteElo "1777"]
[BlackElo "1190"]
[WhiteClock "00:43:16"]
[BlackClock "00:40:33"]
[WhiteTeam "SG Porz"]
[BlackTeam "Hamburger SK von 1830"]
[PlyCount "83"]
[WhiteFideId "12940240"]
[BlackFideId "16227557"]
[EventCountry "GER"]
[EventRounds "7"]
[EventType "team-swiss"]
[EventDate "2015.12.26"]

1. Nf3 d5 2. c4 d4 3. d3 c5 4. b4 b6 5. e3 Nc6 6. b5 Nb8 7. exd4 e6 8. Be3 Nd7
9. Nc3 Bb7 10. Be2 Ngf6 11. O-O Bd6 12. dxc5 Bxc5 13. d4 Bd6 14. Qc2 Qc7 15. h3
a6 16. a4 Rc8 17. Nd2 a5 18. Nb3 h6 19. Rac1 g5 20. f3 Nh5 21. Bf2 Nf4 22. Nb1
h5 23. Bd1 f5 24. c5 bxc5 25. dxc5 Nxh3+ 26. gxh3 Bh2+ 27. Kh1 Bd5 28. Qb2 Kf7
29. Bd4 Bf4 30. Bxh8 e5 31. Rc2 Rxh8 32. Nc3 Nf6 33. Be2 g4 34. Nxd5 Nxd5 35.
h4 Ne3 36. Bc4+ Kf6 37. Rc3 Nxf1 38. Bxf1 gxf3 39. Rxf3 Ke6 40. Rxf4 exf4 41.
Qxh8 Qf7 42. Bc4+ 1-0

[Event "DVM U12 2015"]
[Site "Magdeburg GER"]
[Date "2015.12.30"]
[Round "7"]
[White "Henning, Marvin"]
[Black "Wu, Leon"]
[Result "1/2-1/2"]
[Termination "normal"]
[Board "2.1"]
[WhiteElo "1774"]
[BlackElo "1753"]
[WhiteClock "00:53:26"]
[BlackClock "00:33:51"]
[WhiteTeam "Reideburger SV 90 Halle"]
[BlackTeam "SK Mannheim-Lindenhof 1865"]
[PlyCount "80"]
[WhiteFideId "12957399"]
[BlackFideId "12977438"]
[EventCountry "GER"]
[EventRounds "7"]
[EventType "team-swiss"]
[EventDate "2015.12.26"]

1. e4 e5 2. Nf3 Nc6 3. Bb5 a6 4. Ba4 Nf6 5. O-O b5 6. Bb3 Nxe4 7. d4 d5 8. dxe5
Be6 9. Qe2 Be7 10. Rd1 O-O 11. c4 bxc4 12. Bxc4 Bc5 13. Be3 Bxe3 14. Qxe3 Nb4
15. Bd3 Nxd3 16. Rxd3 Qe7 17. Nbd2 Nxd2 18. Rxd2 c5 19. Rc1 Rac8 20. h3 Rfd8
21. Qa3 Qa7 22. Kh1 Qb6 23. Rdc2 c4 24. b3 cxb3 25. Rxc8 Rxc8 26. Rxc8+ Bxc8
27. Qxb3 Qxb3 28. axb3 f6 29. Kg1 Kf7 30. Kf1 fxe5 31. Nxe5+ Ke6 32. Nd3 a5 33.
Ke1 Kd6 34. Kd2 Bf5 35. f4 Be6 36. Nc1 Bf5 37. Kc3 Be4 38. g3 Bf5 39. h4 Be4
40. Ne2 Bf3 1/2-1/2

[Event "DVM U12 2015"]
[Site "Magdeburg GER"]
[Date "2015.12.30"]
[Round "7"]
[White "Wu, Luka"]
[Black "Post, Hugo"]
[Result "1-0"]
[Termination "normal"]
[Board "2.2"]
[WhiteElo "1710"]
[BlackElo "1737"]
[WhiteTeam "SK Mannheim-Lindenhof 1865"]
[BlackTeam "Reideburger SV 90 Halle"]
[PlyCount "69"]
[WhiteFideId "12977420"]
[BlackFideId "12962490"]
[EventCountry "GER"]
[EventRounds "7"]
[EventType "team-swiss"]
[EventDate "2015.12.26"]

1. e4 c5 2. Nf3 Nc6 3. d4 cxd4 4. Nxd4 g6 5. Nc3 Bg7 6. Be3 Nf6 7. Bc4 O-O 8.
f3 Qb6 9. Bb3 Nxe4 10. Nxe4 Bxd4 11. Bxd4 Nxd4 12. Qd2 d6 13. h4 d5 14. Nc3
Nxb3 15. cxb3 Qe6+ 16. Ne2 Bd7 17. O-O-O Rac8+ 18. Nc3 Rfd8 19. Qxd5 Qa6 20. a3
Qb6 21. Qe5 Qxb3 22. g4 Qa2 23. Qa5 Qb3 24. Kb1 b5 25. Ka1 a6 26. Rd2 Qe6 27.
Rhd1 Qc6 28. Qb4 Rc7 29. Nd5 a5 30. Nxe7+ Kf8 31. Nxc6+ axb4 32. Nxd8 Ke8 33.
Rxd7 Rxd7 34. Rxd7 Kxd7 35. Nxf7 1-0

[Event "DVM U12 2015"]
[Site "Magdeburg GER"]
[Date "2015.12.30"]
[Round "7"]
[White "Dietz, Florian"]
[Black "Hardt, Anton"]
[Result "1-0"]
[Termination "time forfeit"]
[Board "2.3"]
[WhiteElo "1829"]
[BlackElo "1270"]
[WhiteClock "00:55:16"]
[BlackClock "00:32:31"]
[WhiteTeam "Reideburger SV 90 Halle"]
[BlackTeam "SK Mannheim-Lindenhof 1865"]
[PlyCount "69"]
[WhiteFideId "12939897"]
[BlackFideId "16239466"]
[EventCountry "GER"]
[EventRounds "7"]
[EventType "team-swiss"]
[EventDate "2015.12.26"]

1. e4 c5 2. Nf3 d6 3. d4 cxd4 4. Nxd4 Nf6 5. Nc3 Nc6 6. Be2 g6 7. Be3 Bg7 8.
Bc4 Qa5 9. O-O O-O 10. h3 Qb4 11. Bb3 Nxd4 12. Qxd4 Qxd4 13. Bxd4 Bd7 14. Rad1
Bc6 15. Nd5 Bxd5 16. exd5 Rfe8 17. Rfe1 a6 18. c3 b5 19. a4 Rab8 20. axb5 axb5
21. Ra1 Rb7 22. Ra6 Rd8 23. Bb6 Re8 24. Be3 Rbb8 25. Rea1 Kf8 26. Rc6 Ra8 27.
Rca6 Rxa6 28. Rxa6 Rb8 29. Kf1 Ke8 30. Ke1 Nd7 31. Ra5 Nc5 32. Bc2 Bf6 33. Kd1
Kd8 34. Kd2 Kc7 35. b4 {Zeitüberschreitung} 1-0

[Event "DVM U12 2015"]
[Site "Magdeburg GER"]
[Date "2015.12.30"]
[Round "7"]
[White "Gündel, Marius"]
[Black "Seidel, Arne Christian"]
[Result "0-1"]
[Termination "normal"]
[Board "2.4"]
[WhiteElo "1146"]
[BlackElo "1488"]
[WhiteClock "00:33:49"]
[BlackClock "00:44:56"]
[WhiteTeam "SK Mannheim-Lindenhof 1865"]
[BlackTeam "Reideburger SV 90 Halle"]
[PlyCount "114"]
[BlackFideId "16235142"]
[EventCountry "GER"]
[EventRounds "7"]
[EventType "team-swiss"]
[EventDate "2015.12.26"]

1. c4 e5 2. Nc3 Nf6 3. g3 d5 4. cxd5 Nxd5 5. Bg2 Be6 6. Nf3 f6 7. O-O Bc5 8. d4
Nxc3 9. bxc3 exd4 10. cxd4 Bb6 11. Ba3 Nc6 12. e3 Ne7 13. Qe2 O-O 14. Rfd1 Re8
15. e4 Nc6 16. d5 Bxd5 17. Rxd5 Qxd5 18. exd5 Rxe2 19. dxc6 Rxf2 20. Kh1 bxc6
21. Bb4 Re8 22. Ng1 a5 23. Bc3 Rc2 24. Be1 Rb8 25. Rb1 Rxa2 26. Bxc6 Rxh2+ 27.
Kxh2 Bxg1+ 28. Kxg1 Rxb1 29. Kf2 Rb6 30. Ba4 Ra6 31. Bb5 Ra7 32. Ba4 Kf7 33.
Kf3 Ke6 34. Ke4 c6 35. Bxc6 Kd6 36. Ba4 Re7+ 37. Kf3 Rxe1 38. Kf2 Ra1 39. Bb3
a4 40. Bg8 h6 41. Ke3 Ke5 42. g4 a3 43. g5 a2 44. Bxa2 Rxa2 45. gxh6 gxh6 46.
Kd3 h5 47. Kc3 h4 48. Kb3 Rd2 49. Kc3 Rd8 50. Kc4 h3 51. Kc5 Rc8+ 52. Kb6 h2
53. Kb5 h1=Q 54. Kb6 Qc6+ 55. Ka5 Rc7 56. Kb4 Rb7+ 57. Ka3 Qa6# 0-1

[Event "DVM U12 2015"]
[Site "Magdeburg GER"]
[Date "2015.12.30"]
[Round "7"]
[White "Krastev, Alexander"]
[Black "Wagner, Leopold Franziskus"]
[Result "0-1"]
[Termination "time forfeit"]
[Board "3.1"]
[WhiteElo "1925"]
[BlackElo "1897"]
[WhiteClock "00:21:47"]
[BlackClock "01:01:56"]
[WhiteTeam "Biebertaler SF"]
[BlackTeam "BSG Grün-Weiß Leipzig"]
[PlyCount "94"]
[WhiteFideId "12989983"]
[BlackFideId "1641581"]
[EventCountry "GER"]
[EventRounds "7"]
[EventType "team-swiss"]
[EventDate "2015.12.26"]

1. e4 Nf6 2. e5 Nd5 3. c4 Nb6 4. d4 d6 5. exd6 exd6 6. Nc3 Be7 7. Be3 O-O 8. h3
N8d7 9. Nf3 Nf6 10. Bd3 Re8 11. O-O Nbd7 12. Nd2 Nf8 13. Re1 Ng6 14. Nf1 b6 15.
a4 a5 16. c5 dxc5 17. Bb5 Bd7 18. dxc5 Bxb5 19. Nxb5 Bxc5 20. Qxd8 Rexd8 21.
Bxc5 bxc5 22. Nxc7 Rac8 23. Nb5 h6 24. Rad1 Nf4 25. Nd6 Rc6 26. Nc4 Rd4 27.
Nxa5 Rxd1 28. Rxd1 Ra6 29. Nb7 Ne6 30. b3 Rb6 31. Na5 Nd4 32. Nd2 Rb8 33. Kf1
Ra8 34. Nb7 Rc8 35. Rc1 Nd7 36. Rc3 Rb8 37. Nd6 Kf8 38. N6c4 f5 39. Nb2 Ke7 40.
Nd3 Kf6 41. f4 g5 42. g3 gxf4 43. gxf4 Rb7 44. Kf2 Rb8 45. Kf1 Rb7 46. Kf2 Rb8
47. Kf1 Rb7 {Zeitüberschreitung} 0-1

[Event "DVM U12 2015"]
[Site "Magdeburg GER"]
[Date "2015.12.30"]
[Round "7"]
[White "Nguyen, Alex Dac-Vuong"]
[Black "Grunwald, Jonathan"]
[Result "1-0"]
[Termination "normal"]
[Board "3.2"]
[WhiteElo "1873"]
[BlackElo "1643"]
[WhiteClock "00:59:03"]
[BlackClock "00:24:50"]
[WhiteTeam "BSG Grün-Weiß Leipzig"]
[BlackTeam "Biebertaler SF"]
[PlyCount "49"]
[WhiteFideId "12984388"]
[BlackFideId "12955744"]
[EventCountry "GER"]
[EventRounds "7"]
[EventType "team-swiss"]
[EventDate "2015.12.26"]

1. e4 e5 2. Nf3 Nc6 3. d4 exd4 4. Bc4 Bc5 5. c3 d6 6. cxd4 Bb6 7. Bg5 Nge7 8.
h3 h6 9. Bh4 Ba5+ 10. Nc3 O-O 11. O-O Qe8 12. Nd5 Ng6 13. Qd3 Be6 14. Bg3 Bxd5
15. exd5 Nce7 16. a3 c6 17. dxc6 Nxc6 18. Qxg6 d5 19. Bxd5 Rd8 20. Bxc6 bxc6
21. Qd3 Qd7 22. Ne5 Qxd4 23. Qxd4 Rxd4 24. Nxc6 Rd5 25. Ne7+ 1-0

[Event "DVM U12 2015"]
[Site "Magdeburg GER"]
[Date "2015.12.30"]
[Round "7"]
[White "Engert, Kiyan"]
[Black "Haufe, Laurin"]
[Result "1/2-1/2"]
[Termination "normal"]
[Board "3.3"]
[WhiteElo "1472"]
[BlackElo "1575"]
[WhiteClock "00:38:14"]
[BlackClock "00:40:49"]
[WhiteTeam "Biebertaler SF"]
[BlackTeam "BSG Grün-Weiß Leipzig"]
[PlyCount "139"]
[WhiteFideId "16214870"]
[BlackFideId "12976504"]
[EventCountry "GER"]
[EventRounds "7"]
[EventType "team-swiss"]
[EventDate "2015.12.26"]

1. d4 Nf6 2. Nf3 c5 3. e3 e6 4. Bd3 d5 5. c3 Nc6 6. Nbd2 Be7 7. O-O O-O 8. dxc5
Bxc5 9. e4 e5 10. exd5 Nxd5 11. Nb3 Bb6 12. Re1 Re8 13. Bg5 Qd7 14. Bb5 Nc7 15.
Qxd7 Bxd7 16. Bxc6 Bxc6 17. Nxe5 Bd5 18. Nd7 Ne6 19. Nxb6 axb6 20. Be3 Bxb3 21.
axb3 Nc5 22. Bxc5 Rxe1+ 23. Rxe1 bxc5 24. g3 Kf8 25. Re5 b6 26. Kg2 Ra2 27. Re2
g6 28. Kf3 Kg7 29. Ke3 Ra1 30. Kd3 g5 31. f3 Rd1+ 32. Kc4 Rd6 33. b4 cxb4 34.
Kxb4 Rd5 35. c4 Rf5 36. Re3 h5 37. Kc3 Rc5 38. b4 Rc6 39. Re5 Kg6 40. c5 bxc5
41. bxc5 Rf6 42. Re3 g4 43. f4 h4 44. Kb4 hxg3 45. hxg3 Kg7 46. Kb5 Rh6 47. c6
Rh1 48. Kb6 Rb1+ 49. Kc7 Rf1 50. Kc8 Rf3 51. Re7 Rxg3 52. c7 Rc3 53. Kd8 Kf6
54. Re5 Kg6 55. Rg5+ Kf6 56. Rxg4 Kf5 57. Rg1 f6 58. c8=Q+ Rxc8+ 59. Kxc8 Kxf4
60. Kc7 f5 61. Kd6 Ke3 62. Rg3+ Ke4 63. Ra3 f4 64. Ra4+ Ke3 65. Ke5 f3 66. Ra3+
Ke2 67. Ke4 f2 68. Ra2+ Ke1 69. Ke3 f1=N+ 70. Kd4 1/2-1/2

[Event "DVM U12 2015"]
[Site "Magdeburg GER"]
[Date "2015.12.30"]
[Round "7"]
[White "Rose, Noah"]
[Black "Peschel, Julia"]
[Result "1-0"]
[Termination "normal"]
[Board "3.4"]
[WhiteElo "1547"]
[BlackElo "1044"]
[WhiteClock "00:35:51"]
[BlackClock "00:54:26"]
[WhiteTeam "BSG Grün-Weiß Leipzig"]
[BlackTeam "Biebertaler SF"]
[PlyCount "95"]
[WhiteFideId "12990191"]
[BlackFideId "16255593"]
[EventCountry "GER"]
[EventRounds "7"]
[EventType "team-swiss"]
[EventDate "2015.12.26"]

1. e4 e5 2. Nf3 Nc6 3. d4 exd4 4. Nxd4 Nf6 5. Nc3 Bc5 6. Be3 d6 7. Bb5 Bd7 8.
O-O O-O 9. Nxc6 Bxc6 10. Bxc6 Bxe3 11. Bxb7 Rb8 12. fxe3 Rxb7 13. b3 Re8 14.
Qf3 Rb8 15. Nd5 Re5 16. Nxf6+ Qxf6 17. Qxf6 gxf6 18. Rxf6 Rxe4 19. Rf3 d5 20.
Raf1 Rf8 21. Rd1 Re5 22. Rd4 Rfe8 23. Kf2 Kg7 24. Rb4 Rc8 25. Rb7 a6 26. Rb4
Re4 27. Rf4 Rxf4+ 28. exf4 c5 29. Rb6 a5 30. Ra6 c4 31. Rxa5 cxb3 32. cxb3 Rc2+
33. Kf3 d4 34. Ke4 Rxg2 35. Rg5+ Rxg5 36. fxg5 Kg6 37. Kxd4 Kxg5 38. Ke3 Kh4
39. a4 Kh3 40. a5 Kxh2 41. a6 h5 42. a7 h4 43. a8=Q h3 44. Qa2+ Kh1 45. Kf3 f5
46. Kg3 f4+ 47. Kxh3 f3 48. Qh2# 1-0